000 00388nam a22001577a 4500
003 MPLRDC
005 20220104123727.0
008 210129b ||||| |||| 00| 0 eng d
082 _a544.5 LYS
100 _a廖玉山编著
245 _a单身女郎生活经验谈
_c
260 _a
_b大方文化事业公司
_c
300 _b
650 _a妇女; 女性
942 _cBK
_o544.5 LYS
999 _c13718
_d13708